| 000 | 00809nam a2200217Ii 4500 | ||
|---|---|---|---|
| 003 | JO-AjNU | ||
| 008 | 230606s9999||||xx |||||||||||||| ||und|| | ||
| 020 | _a978-19-433-802-8 | ||
| 040 |
_aJO-AjNU _beng _erda _cJO-AjNU |
||
| 041 | _aeng | ||
| 050 | 1 | 4 | _aPE1128.H872 2009 |
| 100 | 3 |
_aHUTCHINSON. TOM, _eauthor _92360 |
|
| 245 | 0 | 0 | _aLIFE LINES PRE-INTERMEDIATE: WORK BOOK |
| 250 | _a1 ed | ||
| 264 | 3 | 1 | _aNEW YORK: OXFORD UNIVERSITY PREES. 2009 |
| 300 | _a143p | ||
| 336 |
_atext _btxt _2rdacontent |
||
| 337 |
_aunmediated _bn _2rdamedia |
||
| 338 |
_avolume _bnc _2rdacarrier |
||
| 650 | 4 |
_aEnglish language - textbooks for foreign speakers - English language - Spoken English - English language - Study and teaching - Textbooks for foreign speakers - English language- Problems - Exercies - etc _92361 |
|
| 999 |
_aE1238 _c1238 _d1238 |
||